<?xml version="1.0" encoding="UTF-8"?><?xml-stylesheet type="text/xsl" href="static/style.xsl"?><OAI-PMH xmlns="http://www.openarchives.org/OAI/2.0/" xmlns:xsi="http://www.w3.org/2001/XMLSchema-instance" xsi:schemaLocation="http://www.openarchives.org/OAI/2.0/ http://www.openarchives.org/OAI/2.0/OAI-PMH.xsd"><responseDate>2026-04-13T00:13:08Z</responseDate><request verb="GetRecord" identifier="oai:www.recercat.cat:10230/43318" metadataPrefix="marc">https://recercat.cat/oai/request</request><GetRecord><record><header><identifier>oai:recercat.cat:10230/43318</identifier><datestamp>2025-12-12T03:17:54Z</datestamp><setSpec>com_2072_6</setSpec><setSpec>col_2072_452952</setSpec></header><metadata><record xmlns="http://www.loc.gov/MARC21/slim" xmlns:dcterms="http://purl.org/dc/terms/" xmlns:xsi="http://www.w3.org/2001/XMLSchema-instance" xmlns:doc="http://www.lyncode.com/xoai" xsi:schemaLocation="http://www.loc.gov/MARC21/slim http://www.loc.gov/standards/marcxml/schema/MARC21slim.xsd">
   <leader>00925njm 22002777a 4500</leader>
   <datafield ind2=" " ind1=" " tag="042">
      <subfield code="a">dc</subfield>
   </datafield>
   <datafield ind2=" " ind1=" " tag="720">
      <subfield code="a">Su, Jason</subfield>
      <subfield code="e">author</subfield>
   </datafield>
   <datafield ind2=" " ind1=" " tag="720">
      <subfield code="a">Dadvand, Payam</subfield>
      <subfield code="e">author</subfield>
   </datafield>
   <datafield ind2=" " ind1=" " tag="720">
      <subfield code="a">Nieuwenhuijsen, Mark J.</subfield>
      <subfield code="e">author</subfield>
   </datafield>
   <datafield ind2=" " ind1=" " tag="720">
      <subfield code="a">Bartoll, Xavier</subfield>
      <subfield code="e">author</subfield>
   </datafield>
   <datafield ind2=" " ind1=" " tag="720">
      <subfield code="a">Jerrett, Michael</subfield>
      <subfield code="e">author</subfield>
   </datafield>
   <datafield ind2=" " ind1=" " tag="260">
      <subfield code="c">2020-01-21T09:32:53Z</subfield>
   </datafield>
   <datafield ind2=" " ind1=" " tag="260">
      <subfield code="c">2020-01-21T09:32:53Z</subfield>
   </datafield>
   <datafield ind2=" " ind1=" " tag="260">
      <subfield code="c">2019</subfield>
   </datafield>
   <datafield ind2=" " ind1=" " tag="520">
      <subfield code="a">Satellite data is increasingly used to characterize green space for health outcome studies. Literature suggests that green space within 500 m of home is often used to represent neighborhood suitable for walking, air pollution and noise reduction, and natural healing. In this paper, we used satellite data of different spatial resolutions to derive normalized difference vegetation index (NDVI), an indicator of surface greenness, at buffer distances of 50, 100, 250 and 500 m. Data included those of 2 m spatial resolution from WorldView2, 5 m resolution from RapidEye and 30 m resolution from Landsat. We found that, after radiometric calibrations, the RapidEye and WorldView2 sensors had similar NDVI values, while Landsat imagery tended to have greater NDVI; however, these sensors showed similar vegetation distribution: locations high in vegetation cover being high in NDVI, and vice versa. We linked the green space estimates to a health survey, and identified that higher NDVI values were significantly associated with better health outcomes. We further investigated the impacts of buffer size and sensor spatial resolution on identified associations between NDVI and health outcomes. Overall, the identified health outcomes were similar across sensors of different spatial resolutions, but a mean trend was identified in bigger buffer size being associated with greater health outcome.</subfield>
   </datafield>
   <datafield ind2=" " ind1=" " tag="520">
      <subfield code="a">We are grateful for the contribution of the Barcelona Public Health Agency to providing health outcome data for this analysis. This study was funded by the European Community&amp;apos;s Seventh Framework Programme (Grant No. 282996) as part of the PHENOTYPE project (Positive Health Effects of the Natural Outdoor Environment in Typical Populations in Different Regions in Europe) (www.phenotype.eu).</subfield>
   </datafield>
   <datafield tag="653" ind2=" " ind1=" ">
      <subfield code="a">Barcelona</subfield>
   </datafield>
   <datafield tag="653" ind2=" " ind1=" ">
      <subfield code="a">Buffer distance</subfield>
   </datafield>
   <datafield tag="653" ind2=" " ind1=" ">
      <subfield code="a">Health outcomes</subfield>
   </datafield>
   <datafield tag="653" ind2=" " ind1=" ">
      <subfield code="a">LandSat</subfield>
   </datafield>
   <datafield tag="653" ind2=" " ind1=" ">
      <subfield code="a">Normalized difference vegetation index</subfield>
   </datafield>
   <datafield tag="653" ind2=" " ind1=" ">
      <subfield code="a">RapidEye</subfield>
   </datafield>
   <datafield tag="653" ind2=" " ind1=" ">
      <subfield code="a">Spatial resolution</subfield>
   </datafield>
   <datafield tag="653" ind2=" " ind1=" ">
      <subfield code="a">WorldView2</subfield>
   </datafield>
   <datafield ind2="0" ind1="0" tag="245">
      <subfield code="a">Associations of green space metrics with health and behavior outcomes at different buffer sizes and remote sensing sensor resolutions</subfield>
   </datafield>
</record></metadata></record></GetRecord></OAI-PMH>